Представление документа в формате RUSMARC

ПолеНазваниеЗначение
  Тип записи a
  Библиографический уровень m
001 Контрольный номер RU/SLIB/B/208765692
005 Дата корректировки 20201206204239.2
010 Индекс ISBN __
d Цена 125-00
101 Язык документа __
a Язык текста rus
200 Заглавие и сведения об ответственности 0_
a Заглавие Русские нелегальные и запрещенные издания XIX века в научной библиотеке Томского университета
e Сведения, относящиеся к заглавию каталог
f Первые сведения об ответственности сост. Г. И. Колосова
b Общее обозначение материала Текст
210 Выходные данные __
a Место издания Томск
c Издательство Изд-во Том. ун-та
d Дата издания 1983
215 Физическое описание __
a Объем 81 с.
300 Общие примечания __
a Общие примечания Кн. из лич. б-ки О. Г. Ласунского
601 Наименование организации как предмет __
a Наименование организации как предмет Научная библиотека Томского Государственного университета
606 Тематические рубрики __
a Основная рубрика Литература универсального содержания
z Хронологическая подрубрика 19 в.
y Географическая подрубрика Россия; Томск
606 Тематические рубрики __
a Основная рубрика Библиографические пособия
606 Тематические рубрики __
a Основная рубрика Библиотечное дело
606 Тематические рубрики __
a Основная рубрика Библиотечные фонды
610 Ключевые слова __
a Ключевые слова библиотечные фонды; книги; журналы; газеты; нелегальные издания; запрещенные книги; история книги; история книгопечатания; история книгоиздания
686 Индексы других классификаций __
a Классификационный индекс 91.9:78
686 Индексы других классификаций __
a Классификационный индекс 78.36я1
702 Вторичная интеллектуальная ответственность _1
a Фамилия Колосов
b Имя Г. И.
4 Код отношения Составитель
4 Код отношения 220
801 Источник записи _0
a Страна RU
b Организация Муниципальное бюджетное учреждение культуры "Централизованная библиотечная система" г. Сургут (Центральная городская библиотека им. А. С. Пушкина)
g Правила каталогизации КиК/Гришунина
801 Источник записи _1
a Страна RU
b Организация Муниципальное бюджетное учреждение культуры "Централизованная библиотечная система" г. Сургут (Центральная городская библиотека им. А. С. Пушкина)
g Правила каталогизации КиК/Гришунина
852 Данные о местонахождении __
j Шифр хранения 91.9:78
i Авторский знак Р 89
p Инвентарный номер 04050392
901 Тип документа __
t Тип документа m
903 Характеристики (МАРС) __
a Дата передачи 20040430
969 Тип издания __
a Тип издания каталог
990 Данные о заказе (DOS) __
j Количество экземпляров (DOS) 1
t N записи в КСУ для И/У (DOS) 200405